| 000 | 01518nam a2200397 a 4500 | ||
|---|---|---|---|
| 001 | ebr10514794 | ||
| 003 | CaPaEBR | ||
| 006 | m u | ||
| 007 | cr cn||||||||| | ||
| 008 | 000713s2001 njua sb 001 0 eng d | ||
| 010 | _z 00058881 | ||
| 020 | _z0691057346 | ||
| 020 | _z0691057354 (pbk.) | ||
| 020 | _z9780691057354 | ||
| 020 | _z9781400824137 (e-book) | ||
| 040 |
_aCaPaEBR _cCaPaEBR |
||
| 035 | _a(OCoLC)52256543 | ||
| 043 | _an-us--- | ||
| 050 | 1 | 4 |
_aPS374.S82 _bJ87 2001eb |
| 082 | 0 | 4 |
_a813/.509321733 _221 |
| 100 | 1 |
_aJurca, Catherine, _d1964- |
|
| 245 | 1 | 0 |
_aWhite diaspora _h[electronic resource] : _bthe suburb and the twentieth-century American novel / _cCatherine Jurca. |
| 260 |
_aPrinceton, N.J. : _bPrinceton University Press, _cc2001. |
||
| 300 |
_aviii, 238 p. : _bill. |
||
| 504 | _aIncludes bibliographical references and index. | ||
| 533 |
_aElectronic reproduction. _bPalo Alto, Calif. : _cebrary, _d2012. _nAvailable via World Wide Web. _nAccess may be limited to ebrary affiliated libraries. |
||
| 650 | 0 |
_aAmerican fiction _y20th century _xHistory and criticism. |
|
| 650 | 0 | _aSuburban life in literature. | |
| 650 | 0 | _aSegregation in literature. | |
| 650 | 0 | _aSuburbs in literature. | |
| 650 | 0 | _aWhites in literature. | |
| 650 | 0 | _aRace in literature. | |
| 655 | 7 |
_aElectronic books. _2local |
|
| 710 | 2 | _aebrary, Inc. | |
| 856 | 4 | 0 |
_uhttp://site.ebrary.com/lib/rucke/Doc?id=10514794 _zAn electronic book accessible through the World Wide Web; click to view |
| 999 |
_c225310 _d225310 |
||